000 00677nam a2200289Ia 4500
005 20260324143115.0
008 008 260324s9999 xx 000 0 eng d
020 _a9780429034121
037 _aEBOOK
040 _aCRL
040 _beng
040 _cCRL
041 _2eng
041 _aeng
084 _qCRL
100 _aAbiodun Williams
_91214407
245 0 _aMany Voices
245 0 _bMultilateral Negotiations In The World Arena
260 _bTaylor and Francis
260 _c1993
365 _a
365 _b230
856 _uhttp://www.taylorfrancis.com/books/9780429034121
942 _cEBOOK
999 _c1819422
_d1819422